000 01035nam a2200265 a 4500
001 000045429
003 DO-SdBNP
005 20240229073831.0
008 150309s 2012 dr a 000 0 spa d
020 _a9789945443806
040 _aDO-SdBNP
_bspa
_cBNPHU
082 4 _aBNPHU
_bH557o
100 1 _aHernández, Ángela,
_d1954-
_92564
245 1 0 _aOnirias :
_bpoesía e imagen /
_cÁngela Hernández Núñez.
260 _aSanto Domingo :
_bBanco Central de la República Dominicana,
_c2012.
300 _a234 p. :
_bil. ;
_c28 cm.
490 1 _aBanco Central de la República Dominicana
_aDepartamento Cultural
_v178
490 1 _aBanco Central de la República Dominicana
_aArte y literatura ;
_v61
500 _aIncluye datos biográficos de la autora en las solapas.
590 _aInventariado, 2021/BT
830 0 _aBanco Central de la República Dominicana
_pDepartamento Cultural ;
_n178
_973484
830 0 _aBanco Central de la República Dominicana
_pArte y literatura
_n61
_973485
910 _aBtavárez
942 _2ddc
_cLBS1
999 _c44918
_d44918